000 00784nam a2200289Ia 4500
001 18823
003 IT-RoPAU
008 130308s9999 xx 000 0 und d
040 _aIT-RoPAU
040 _cIT-RoPAU
041 _aITALIANO
100 _aMcLuhan Marshall
100 _gCodice Aut. SPICS: 3935
245 _a"Introduzione a ""Le tendenze della comunicazione """
245 _bTendenze della Comunicazione (Le)
250 _a1a ed.
260 _aMILANO
260 _bSugarco
260 _c1951 [1° Ed.:1951 - Ed.Ling.Originale:1951]
300 _a"10 p. (prefazione: no ; testo: 10 [pagine: 13-22])"
650 _aTEORIA DELLA COMUNICAZIONE SOCIALE
650 _eCodice materia Spics: 3802
942 _cBK
957 _71
999 _c43533
_d43533
999 _bSI
999 _g1